Μελέτη σχετικά με την ιστορία τη ζωή και τον πολιτισμό των βλάχων : πτυχιακή εργασία

Αποθηκεύτηκε σε:
Λεπτομέρειες βιβλιογραφικής εγγραφής
Κύριος συγγραφέας: Δρούκας, Ευάγγελος
Συγγραφή απο Οργανισμό/Αρχή: Πανεπιστήμιο Αιγαίου. Σχολή Κοινωνικών Επιστημών. Τμήμα Πολιτισμικής Τεχνολογίας και Επικοινωνίας
Άλλοι συγγραφείς: Μπέζας, Σοφοκλής, Βερνίκος, Νικόλας, 1938- (Εισηγητής διατριβής)
Μορφή: Thesis Βιβλίο
Γλώσσα:Greek
Δημοσίευση: Μυτιλήνη : Πανεπιστήμιο Αιγαίου, Τμήμα Πολιτισμικής Τεχνολογίας και Επικοινωνίας, 2004
Θέματα:
Διαθέσιμο Online:http://hdl.handle.net/11610/10695
Ετικέτες: Προσθήκη ετικέτας
Δεν υπάρχουν, Καταχωρήστε ετικέτα πρώτοι!

MARC

LEADER 00000cam a2200000 i 4500
001 1/23701
008 060207s2004 gre d
035 |l 10082498 
040 |a GR-MY-UA  |b gre  |e aacr 
041 0 |a gre 
082 0 |a 306.08989  |2 (22) 
100 1 |a Δρούκας, Ευάγγελος. 
245 1 0 |a Μελέτη σχετικά με την ιστορία τη ζωή και τον πολιτισμό των βλάχων :  |b πτυχιακή εργασία /  |c Δρούκας Ευάγγελος, Μπέζας Σοφοκλής ; υπεύθυνος καυηγητής Βερνίκος Νικόλαος 
260 |a Μυτιλήνη :   |b Πανεπιστήμιο Αιγαίου, Τμήμα Πολιτισμικής Τεχνολογίας και Επικοινωνίας,   |c 2004 
300 |a 207 σ.;  |b εικ., φωτ.;  |c 30 εκ. 
502 |a Πτυχιακή εργασία – Πανεπιστήμιο Αιγαίου, Λέσβος, 2004. 
504 |a Βιβλιογραφία: 204-207 
650 0 0 |a Aromanians  |x Social life and customs. 
650 0 0 |a Aromanians  |x History. 
650 0 0 |a Dissertations, Academic  |z Greece. 
700 1 |a Μπέζας, Σοφοκλής. 
700 1 |4 ths  |a Βερνίκος, Νικόλας,   |d 1938- . 
710 2 |a Πανεπιστήμιο Αιγαίου.   |b Σχολή Κοινωνικών Επιστημών.   |b Τμήμα Πολιτισμικής Τεχνολογίας και Επικοινωνίας. 
852 |a INST  |b LESVOS  |c DIATR  |e 20060207  |h 29  |p 005100034380  |q 005100034380  |t DIE  |y 23 
852 |a INST  |b LESVOS  |c DIATR  |e 20060207  |h 30  |p 005100034406  |q 005100034406  |t DIE  |y 23 
856 |u http://hdl.handle.net/11610/10695 
901 |a BIBL1-2006-1 
909 |a Λ  |b 115549 
909 |a Λ  |b 115548 
924 |a ΔΡΟΥΚΑΣ  |b ΕΥΑΓΓΕΛΟΣ  |y ΛΕΣΒΟΣ  |z 2004-11 
924 |a ΜΠΕΖΑΣ  |b ΣΟΦΟΚΛΗΣ  |y ΛΕΣΒΟΣ  |z 2004-11 
970 |a ΜΑΡΙΝΑΤΟΥ  |b ΜΥΡΣΙΝΗ  |z 2006/02/07